000 00698nam a2200205Ia 4500
003 GCL
008 140319s9999 xx 000 0 ara d
020 _a5091609977
040 _aGCL /
_cGCL
082 0 4 _a340.112
_bم و
100 1 _aمحمود شريف بسيونى
245 1 0 _aالوثائق الدولية المعنية بحقوق الانسان /
_cمحمود شريف بسيونى
260 _aالقاهرة :
_bدار الشروق ،
_c2003
300 _a2 مج ؛
_c32 سم
650 0 4 _aالتعاون الدولى
650 0 4 _aحقوق الانسان
650 0 4 _aالحقوق المدنية
650 0 4 _aحقوق الانسان - قانون دولى
942 _2ddc
_cBK
999 _c56948
_d56948